000 00592nam a2200229Ia 4500
005 20250508164143.0
008 008 250505s9999 xx 000 0 eng d
020 _a0-471-45007-3
037 _aReference
040 _aFEDL
_beng
_cFEDL
041 _aeng
_2eng
084 _a153.4, MAT
_qFEDL
100 _aMatlin Margaret W
_913708
245 0 _aCognition
250 _a6
260 _aNew Jersey, USA
_bJohn Wiley and Sons
_c2005
300 _axxviii,607p.
365 _aUSD
_b98.99
650 _aCognition
942 _cREF
_h153.4, MAT
999 _c1387344
_d1387344